[Event "C.to Provinciale AT"]
[Site "Asti ITA"]
[Date "2006.02.04"]
[Round "3"]
[White "Giudici, Alberto"]
[Black "De Francisci, Luigi"]
[Result "0-1"]
[WhiteElo "1870"]
[BlackElo "1798"]
[PlyCount "80"]
[EventDate "2006.02.02"]

1.d4 b5 2.Nf3 Bb7 3.Bf4 e6 4.e3 a6 5.Bd3 Nf6 6.Nbd2 d6 7.c3 Be7 8.h3 c5 9.
dxc5 dxc5 10.Qc2 Nbd7 11.O-O h6 12.Rad1 Qb6 13.c4 g5 14.Be5 Rg8 15.Bh7 Rg7
16.Be4 Nxe5 17.Bxb7 Qxb7 18.Nxe5 g4 19.Nxg4 Nxg4 20.hxg4 Rxg4 21.f3 Rg7 
22.Ne4 Qc7 23.Qc3 Kf8 24.Rf2 b4 25.Qc2 f5 26.Nd2 Bh4 27.Re2 Rd8 28.e4 f4 
29.e5 Rg5 30.Rde1 Bxe1 31.Rxe1 Rxe5 32.Ne4 Qd7 33.a3 Qd4+ 34.Kf1 Rh5 35.
Nf2 Re5 36.Rxe5 Qxe5 37.Ng4 Qh5 38.axb4 Qh1+ 39.Kf2 Rd1 40.Nh2 Qe1# 0-1

[Event "C.to Provinciale AT"]
[Site "Asti ITA"]
[Date "2006.02.04"]
[Round "3"]
[White "Gussone, Claudio"]
[Black "Torrisi, Andrea"]
[Result "0-1"]
[WhiteElo "1947"]
[BlackElo "1888"]
[PlyCount "126"]
[EventDate "2006.02.02"]

1.Nf3 Nf6 2.d4 e6 3.g3 b6 4.Bg2 Bb7 5.O-O Be7 6.c4 O-O 7.Nc3 d5 8.cxd5 
exd5 9.Qc2 Nbd7 10.Rd1 Rc8 11.Bg5 c5 12.Bh3 cxd4 13.Nxd4 Ne4 14.Bxe7 Qxe7 
15.Qa4 Nxc3 16.bxc3 Rc7 17.Nf5 Qe6 18.Qh4 Qf6 19.Qxf6 Nxf6 20.Bg2 Rd8 21.
Rac1 g6 22.Nd4 Rc5 23.c4 Ne4 24.Nb3 Rcc8 25.f3 dxc4 26.Rxd8+ Rxd8 27.Rxc4 
Rd1+ 28.Bf1 Nd6 29.Rd4 Rxd4 30.Nxd4 Bd5 31.a3 f5 32.Kf2 Kf7 33.e3 Kf6 34.
Nb5 Nxb5 35.Bxb5 Ke5 36.Ke2 Bb7 37.Bc4 a6 38.h4 h6 39.Bb3 Bc6 40.Bc2 b5 
41.g4 fxg4 42.fxg4 g5 43.hxg5 hxg5 44.Kf2 Be4 45.Bb3 a5 46.Ke2 Kd6 47.Bd1 
Kc5 48.Kd2 b4 49.axb4+ axb4 50.Be2 Kb6 51.Kc1 Ka5 52.Kb2 Bc6 53.Bd1 Bb5 
54.Bf3 Bc4 55.Bd1 Kb5 56.Bf3 Kc5 57.Bd1 Be6 58.Be2 Kd6 59.Bd1 Ke5 60.Bc2 
Bxg4 61.Kb3 Be2 62.Bg6 g4 63.Bh5 g3 0-1

[Event "C.to Provinciale AT"]
[Site "Asti ITA"]
[Date "2006.02.04"]
[Round "3"]
[White "Malano, Francesco"]
[Black "Ronzano, Luca"]
[Result "1-0"]
[WhiteElo "2041"]
[BlackElo "1901"]
[PlyCount "89"]
[EventDate "2006.02.02"]

1.Nf3 f5 2.e4 e5 3.exf5 e4 4.Ne5 Nf6 5.Be2 Be7 6.Bh5+ Kf8 7.Qe2 d6 8.Nc4 
Bxf5 9.Ne3 Qd7 10.h3 Nc6 11.O-O Bxh3 12.f3 Nd4 13.Qc4 Nxh5 14.Qxd4 Bf6 15.
fxe4 Ng3 16.Rxf6+ gxf6 17.Qxf6+ Qf7 18.Qxf7+ Kxf7 19.Nc3 Be6 20.d3 c6 21.
Bd2 Ke7 22.Be1 Rhg8 23.Kh2 Nh5 24.Bh4+ Kd7 25.Rg1 Raf8 26.g4 Nf6 27.Bxf6 
Rxf6 28.Kg3 Rfg6 29.Kh4 h5 30.g5 Bg4 31.Nxg4 hxg4 32.Rxg4 Rh8+ 33.Kg3 Rhg8
34.Ne2 Rxg5 35.Rxg5 Rxg5+ 36.Kf3 Ke7 37.d4 Kf6 38.Ng3 b5 39.e5+ Ke6 40.
exd6 Rd5 41.c3 Rxd6 42.Ne4 Rd5 43.Nc5+ Rxc5 44.dxc5 Kd5 45.Ke3 1-0

[Event "C.to Provinciale AT"]
[Site "Asti ITA"]
[Date "2006.02.04"]
[Round "3"]
[White "Marello, Giampiero"]
[Black "Cova, Alessandro"]
[Result "0-1"]
[WhiteElo "1700"]
[BlackElo "1963"]
[PlyCount "98"]
[EventDate "2006.02.02"]

1.e4 c6 2.d4 d5 3.Nc3 dxe4 4.Nxe4 Nd7 5.Nf3 Ngf6 6.Ng3 e6 7.Bd3 Bd6 8.O-O 
O-O 9.Bg5 h6 10.Bd2 c5 11.Re1 Qc7 12.c4 b6 13.Bc3 Bb7 14.Ne5 cxd4 15.Nxd7 
Nxd7 16.Bxd4 Be5 17.Qg4 Bxd4 18.Qxd4 Nf6 19.Ne4 Nxe4 20.Bxe4 Rfd8 21.Qc3 
Bxe4 22.Rxe4 Rd7 23.b3 Rad8 24.Rae1 Rd2 25.a3 Qc5 26.Qg3 R8d3 27.Qf4 Qxa3 
28.h3 Qd6 29.Qxd6 Rxd6 30.Kf1 Rb2 31.R4e3 Rdd2 32.R1e2 Rxe2 33.Rxe2 Rxb3 
34.Ra2 a5 35.c5 bxc5 36.Rxa5 c4 37.Rc5 Rc3 38.Ke2 Rc2+ 39.Ke3 Kf8 40.Rc7 
c3 41.g3 g6 42.f3 Kg7 43.h4 Rc1 44.Kf4 Kf6 45.Rc5 c2 46.Rc6 g5+ 47.hxg5+ 
hxg5+ 48.Kg4 Kg6 49.f4 gxf4 0-1

[Event "C.to Provinciale AT"]
[Site "Asti ITA"]
[Date "2006.02.04"]
[Round "3"]
[White "Martin, Tiziano"]
[Black "Rivello, Roberto"]
[Result "1/2-1/2"]
[WhiteElo "1978"]
[BlackElo "2269"]
[PlyCount "66"]
[EventDate "2006.02.02"]

1.e4 c5 2.Nc3 Nc6 3.g3 g6 4.Bg2 Bg7 5.d3 d6 6.Be3 Nh6 7.Qc1 Ng4 8.Bd2 f5 
9.Nf3 Nd4 10.O-O O-O 11.Nxd4 cxd4 12.Ne2 fxe4 13.dxe4 Bd7 14.Nf4 e5 15.Nd5
Bb5 16.Bh3 h5 17.Bg5 Qd7 18.Qd2 Bxf1 19.Rxf1 Qf7 20.Bxg4 hxg4 21.Ne7+ Kh7 
22.h4 Bf6 23.Nd5 Bxg5 24.Qxg5 Rac8 25.Qxg4 Rxc2 26.f4 Qg7 27.Qe6 exf4 28.
Rxf4 Rxf4 29.gxf4 d3 30.Nf6+ Kh6 31.Ng4+ Kh5 32.Nf6+ Kh6 33.Ng4+ Kh5 
1/2-1/2

[Event "C.to Provinciale AT"]
[Site "Asti ITA"]
[Date "2006.02.04"]
[Round "3"]
[White "Molina, Fabrizio"]
[Black "Brancaleoni, Maurizio"]
[Result "1-0"]
[WhiteElo "2264"]
[BlackElo "2306"]
[PlyCount "81"]
[EventDate "2006.02.02"]

1.c4 e6 2.Nf3 d5 3.g3 Nf6 4.Bg2 Be7 5.O-O O-O 6.Qc2 d4 7.a3 a5 8.b3 c5 9.
d3 Nc6 10.e4 e5 11.Ne1 Ne8 12.f4 exf4 13.gxf4 f5 14.Ra2 Rf6 15.Nd2 Rh6 16.
Ndf3 Rg6 17.Kh1 h6 18.Qe2 Ra6 19.Ne5 Rf6 20.N1f3 fxe4 21.dxe4 Nxe5 22.Nxe5
Rfb6 23.Qd3 Nf6 24.Bf3 Bf8 25.Rg1 Qe8 26.Rag2 a4 27.bxa4 Rxa4 28.Rg6 Raa6 
29.R6g2 Re6 30.Ng6 Nxe4 31.f5 Rxg6 32.fxg6 Bf5 33.Qb3 b6 34.Re2 d3 35.Re3 
d2 36.Bxd2 Nxd2 37.Rxe8 Bxg6 38.Bd5+ Kh7 39.Rxf8 Nxb3 40.Bg8+ Kh8 41.Bf7+ 
1-0

[Event "C.to Provinciale AT"]
[Site "Asti ITA"]
[Date "2006.02.04"]
[Round "3"]
[White "Piantadosi, Angelo"]
[Black "Roversi, Stefano"]
[Result "1-0"]
[WhiteElo "1709"]
[BlackElo "1885"]
[PlyCount "89"]
[EventDate "2006.02.02"]

1.e4 c5 2.c3 d5 3.exd5 Qxd5 4.Qf3 Nf6 5.Qxd5 Nxd5 6.g3 Nc6 7.Bg2 e6 8.Ne2 
Be7 9.d3 Ne5 10.O-O Nxd3 11.Rd1 Nxc1 12.Nxc1 O-O 13.Bxd5 exd5 14.Rxd5 Bh3 
15.Ne2 Rfd8 16.Nf4 Rxd5 17.Nxd5 Bf8 18.Na3 Rd8 19.c4 Bg4 20.Re1 Bf3 21.Re3
Bxd5 22.Rd3 Re8 23.cxd5 a6 24.Nc4 b5 25.Na5 c4 26.Rd1 Rd8 27.Nc6 Rd6 28.
Kf1 g6 29.Ke2 Rf6 30.f4 b4 31.Ne5 c3 32.bxc3 bxc3 33.Kd3 Bb4 34.Nc6 a5 35.
Nxb4 axb4 36.Kc4 c2 37.Rc1 g5 38.Rxc2 gxf4 39.Kxb4 fxg3 40.hxg3 Rf3 41.d6 
Rd3 42.Kc5 Kf8 43.Re2 Rxg3 44.d7 Rd3 45.Re8+ 1-0

[Event "C.to Provinciale AT"]
[Site "Asti ITA"]
[Date "2006.02.04"]
[Round "3"]
[White "Raviola, Giuseppe"]
[Black "Forno, Roberto"]
[Result "1-0"]
[WhiteElo "2101"]
[BlackElo "2005"]
[PlyCount "66"]
[EventDate "2006.02.02"]

1.e4 d6 2.d4 Nf6 3.Nc3 g6 4.Be2 Bg7 5.Be3 O-O 6.Qd2 Re8 7.h4 e5 8.dxe5 
Rxe5 9.f3 Nc6 10.O-O-O a6 11.g4 b5 12.g5 b4 13.gxf6 bxc3 14.Qxc3 Qxf6 15.
Qxc6 Rc5 16.Qe8+ Bf8 17.Bxc5 Bb7 18.Qa4 dxc5 19.Bc4 Bc6 20.Qb3 a5 21.Qc3 
Qf4+ 22.Qd2 Qf6 23.c3 a4 24.a3 Rb8 25.Qg5 Qg7 26.e5 Re8 27.Qf6 Rxe5 28.
Qxc6 Re3 29.Ne2 Qh6 30.Kb1 Bd6 31.Qa8+ Kg7 32.h5 Be5 33.hxg6 Qxg6+ 1-0

[Event "C.to Provinciale AT"]
[Site "Asti ITA"]
[Date "2006.02.04"]
[Round "3"]
[White "Venturino, Marco"]
[Black "Quirico, Paolo"]
[Result "1-0"]
[WhiteElo "2116"]
[BlackElo "1987"]
[PlyCount "71"]
[EventDate "2006.02.02"]

1.d4 Nf6 2.c4 e5 3.dxe5 Ng4 4.Bf4 Bb4+ 5.Nd2 d6 6.exd6 Qf6 7.Nh3 Nxf2 8.
Kxf2 Bxh3 9.g3 Bxf1 10.Rxf1 Qd4+ 11.Kg2 Bxd6 12.Qc2 O-O 13.Ne4 Bxf4 14.
Rxf4 f5 15.Rd1 Qb6 16.c5 Qe6 17.Ng5 Qe7 18.Qc4+ Kh8 19.Ne6 Re8 20.Rxf5 Nc6
21.Nf4 Qe4+ 22.Qxe4 Rxe4 23.Rd7 Nd4 24.Rff7 Nxe2 25.Kf3 Rae8 26.Rxg7 Nxf4 
27.Rxh7+ Kg8 28.gxf4 Re2 29.Rdg7+ Kf8 30.Rf7+ Kg8 31.h4 R8e3+ 32.Kg4 Rg2+ 
33.Kf5 Rd3 34.Kf6 Rf3 35.f5 Rff2 36.Rxc7 1-0

[Event "C.to Provinciale AT"]
[Site "Asti ITA"]
[Date "2006.02.04"]
[Round "4"]
[White "Beccaris, Gabriele"]
[Black "Gussone, Claudio"]
[Result "0-1"]
[WhiteElo "2046"]
[BlackElo "1947"]
[PlyCount "38"]
[EventDate "2006.02.02"]

1.e4 d6 2.d4 Nf6 3.Nc3 g6 4.Bg5 Bg7 5.Qd2 O-O 6.O-O-O c6 7.Bd3 Qa5 8.f4 b5
9.Kb1 b4 10.Nce2 Be6 11.Nc1 c5 12.d5 Bg4 13.Re1 Na6 14.h3 Bd7 15.e5 Nxd5 
16.Bxa6 Nc3+ 17.bxc3 bxc3 18.Qe3 Qa3 19.Nd3 Be6 0-1

[Event "C.to Provinciale AT"]
[Site "Asti ITA"]
[Date "2006.02.04"]
[Round "4"]
[White "Brancaleoni, Maurizio"]
[Black "Giudici, Alberto"]
[Result "1-0"]
[WhiteElo "2306"]
[BlackElo "1870"]
[PlyCount "119"]
[EventDate "2006.02.02"]

1.c4 Nf6 2.Nc3 d5 3.cxd5 Nxd5 4.Nf3 g6 5.Qa4+ Nc6 6.Ne5 Nxc3 7.dxc3 Bd7 8.
Nxd7 Qxd7 9.e4 Ne5 10.Qxd7+ Nxd7 11.Be3 Nf6 12.f3 e6 13.Rd1 h5 14.Bb5+ c6 
15.Bc4 Be7 16.Ke2 O-O 17.Rd2 b5 18.Bb3 c5 19.c4 a6 20.e5 Nh7 21.Rd7 Bg5 
22.f4 Bh6 23.Rc1 Rfc8 24.g3 g5 25.Kf3 g4+ 26.Ke2 Nf8 27.Rd6 b4 28.Bc2 a5 
29.Be4 Ra7 30.Rcd1 a4 31.Rd8 Rac7 32.R1d6 Rxd8 33.Rxd8 Kg7 34.Ra8 Nd7 35.
Ra6 f5 36.Bd3 Kf7 37.Rxa4 Bf8 38.Ra6 Be7 39.Bc2 Rb7 40.Ba4 Nb8 41.Ra8 Bd8 
42.Bb5 Be7 43.a3 bxa3 44.bxa3 Nd7 45.a4 Nb6 46.Ra6 h4 47.gxh4 Bxh4 48.Bxc5
Nxc4 49.Bxc4 Rb2+ 50.Kd3 Rxh2 51.Bxe6+ Kg7 52.Ra7+ Kh8 53.Ra8+ Kg7 54.Ra7+
Kh8 55.Bxf5 Be1 56.e6 Rh3+ 57.Ke2 Bc3 58.e7 Rh2+ 59.Kd3 Rh3+ 60.Kc4 1-0

[Event "C.to Provinciale AT"]
[Site "Asti ITA"]
[Date "2006.02.04"]
[Round "4"]
[White "Cova, Alessandro"]
[Black "Molina, Fabrizio"]
[Result "0-1"]
[WhiteElo "1963"]
[BlackElo "2264"]
[PlyCount "86"]
[EventDate "2006.02.02"]

1.d4 e6 2.c4 d5 3.Nc3 c5 4.cxd5 exd5 5.Nf3 Nc6 6.g3 c4 7.Bg2 Bb4 8.O-O 
Nge7 9.Bf4 O-O 10.Re1 a6 11.Ne5 Bf5 12.Nxc6 bxc6 13.e4 dxe4 14.Bxe4 Bxe4 
15.Rxe4 Bxc3 16.bxc3 Nd5 17.Bd2 Qa5 18.Qh5 Qb5 19.Rh4 Nf6 20.Qf3 Qd5 21.
Rf4 Qxf3 22.Rxf3 Nd5 23.Bf4 Rfe8 24.Kf1 f6 25.h4 h5 26.Re1 Kf7 27.Re2 Ra7 
28.Rxe8 Kxe8 29.Bd6 a5 30.g4 hxg4 31.Rg3 f5 32.f3 f4 33.Rxg4 Ne3+ 34.Kf2 
Nxg4+ 35.fxg4 Rb7 36.Kf3 Rb2 37.a3 Rc2 38.Kxf4 Rxc3 39.Ke4 Rh3 40.h5 c3 
41.Bf4 c2 42.g5 Rh4 43.h6 c1=Q 0-1

[Event "C.to Provinciale AT"]
[Site "Asti ITA"]
[Date "2006.02.04"]
[Round "4"]
[White "De Francisci, Luigi"]
[Black "Malano, Francesco"]
[Result "0-1"]
[WhiteElo "1798"]
[BlackElo "2041"]
[PlyCount "59"]
[EventDate "2006.02.02"]

1.d4 d5 2.e4 dxe4 3.Nc3 Nf6 4.f3 exf3 5.Nxf3 Bg4 6.Bd3 e6 7.O-O Be7 8.Ne2 
O-O 9.Qe1 c5 10.Qh4 Bf5 11.Bxf5 exf5 12.Ng3 Ne4 13.Qh3 Nxg3 14.Qxg3 cxd4 
15.Bf4 Nc6 16.Kh1 g6 17.h4 h5 18.Rfe1 Bf6 19.Rad1 Re8 20.Ne5 Nxe5 21.Rxe5 
Bxe5 22.Bxe5 Rxe5 23.Qxe5 Qxh4+ 24.Kg1 Qe4 25.Qc5 b6 26.Qc7 Re8 27.Qd7 
Qe3+ 28.Kh1 Re4 29.Qd8+ Kg7 30.Rf1 0-1

[Event "C.to Provinciale AT"]
[Site "Asti ITA"]
[Date "2006.02.04"]
[Round "4"]
[White "Degrassi, Sergio"]
[Black "Martin, Tiziano"]
[Result "1-0"]
[WhiteElo "1796"]
[BlackElo "1978"]
[PlyCount "81"]
[EventDate "2006.02.02"]

1.d4 d6 2.Bg5 Nd7 3.Nf3 Ngf6 4.Nbd2 e5 5.e3 Be7 6.Bd3 O-O 7.c3 Ne8 8.Bxe7 
Qxe7 9.Qc2 Nef6 10.Ng5 h6 11.h4 Re8 12.O-O-O b6 13.Nge4 Bb7 14.Ng3 e4 15.
Be2 c5 16.Nf5 Qe6 17.g4 cxd4 18.Nxd4 Qxa2 19.g5 Qa1+ 20.Nb1 hxg5 21.hxg5 
Nd5 22.g6 fxg6 23.Bc4 Nf6 24.Kd2 Qa5 25.b4 Qa1 26.Ba2 Kf8 27.Na3 Qxc3+ 28.
Qxc3 Nxc3 29.Kxc3 Rec8+ 30.Kb2 d5 31.Nab5 Ke7 32.Rc1 Ng4 33.Rxc8 Rxc8 34.
Nxa7 Rf8 35.Rc1 Rxf2+ 36.Ka3 Kd7 37.Nab5 Ba6 38.Rc7+ Ke8 39.Nd6+ Kf8 40.
Ne6+ Kg8 41.Rxg7+ 1-0

[Event "C.to Provinciale AT"]
[Site "Asti ITA"]
[Date "2006.02.04"]
[Round "4"]
[White "Giretti Kanev, Jasen"]
[Black "Gamba, Ezio"]
[Result "1-0"]
[WhiteElo "2221"]
[BlackElo "1838"]
[PlyCount "53"]
[EventDate "2006.02.02"]

1.d4 Nf6 2.Nf3 g6 3.Bg5 Bg7 4.Nbd2 d5 5.e3 O-O 6.Bd3 Nc6 7.c3 Bg4 8.Qc2 
Nd7 9.h3 Be6 10.h4 h5 11.O-O-O Na5 12.Bf4 f5 13.Ng5 Bf7 14.g4 hxg4 15.h5 
gxh5 16.Bxf5 Nf6 17.Be5 Qe8 18.Bh7+ Kh8 19.Bf5 e6 20.Nxf7+ Qxf7 21.Bg6 Qd7
22.Bxh5 Kg8 23.Bxg4 Rf7 24.Rdg1 Kf8 25.Qg6 Ke7 26.Nf3 Qa4 27.Bxe6 1-0

[Event "C.to Provinciale AT"]
[Site "Asti ITA"]
[Date "2006.02.04"]
[Round "4"]
[White "Quirico, Paolo"]
[Black "Torrisi, Andrea"]
[Result "1/2-1/2"]
[WhiteElo "1987"]
[BlackElo "1888"]
[PlyCount "79"]
[EventDate "2006.02.02"]

1.Nf3 Nf6 2.d4 e6 3.e3 b6 4.Bd3 Bb7 5.Nbd2 d6 6.O-O Nbd7 7.e4 e5 8.c3 Be7 
9.Re1 O-O 10.Qb3 c5 11.dxe5 Nxe5 12.Nxe5 dxe5 13.Qc2 h6 14.Nf1 Qc7 15.Bc4 
a6 16.a4 Bc6 17.Ng3 Rfd8 18.f3 b5 19.axb5 axb5 20.Rxa8 Rxa8 21.Bf1 c4 22.
Be3 Bd7 23.Qf2 Ra2 24.Rc1 Ba3 25.Rc2 Be7 26.Kh1 h5 27.Bg5 g6 28.Qd2 Bc6 
29.Rc1 Ra8 30.Qc2 Rd8 31.Be3 Kg7 32.Ra1 Ra8 33.Rxa8 Bxa8 34.b3 Bc6 35.bxc4
bxc4 36.Bxc4 Bxe4 37.Qb3 Bc2 38.Qa2 Bb1 39.Qb3 Bc2 40.Qa2 1/2-1/2

[Event "C.to Provinciale AT"]
[Site "Asti ITA"]
[Date "2006.02.04"]
[Round "4"]
[White "Raviola, Giuseppe"]
[Black "Finocchiaro, Gianluca"]
[Result "1-0"]
[WhiteElo "2101"]
[BlackElo "1854"]
[PlyCount "47"]
[EventDate "2006.02.02"]

1.e4 d6 2.d4 Nf6 3.Nc3 c6 4.Be2 e5 5.dxe5 dxe5 6.Qxd8+ Kxd8 7.Nf3 Nbd7 8.
O-O Bd6 9.Rd1 Kc7 10.Bc4 Nc5 11.Ng5 Be7 12.Nxf7 Rf8 13.Nxe5 Nfxe4 14.Nxe4 
Nxe4 15.Be3 Bf6 16.Bf4 Kb6 17.Nf7 Kc5 18.Bb3 Bxb2 19.Rab1 Rxf7 20.Bxf7 Bd4
21.Rxd4 Kxd4 22.Rb4+ Kc3 23.Rxe4 Kxc2 24.Re8 1-0

[Event "C.to Provinciale AT"]
[Site "Asti ITA"]
[Date "2006.02.04"]
[Round "4"]
[White "Rivello, Roberto"]
[Black "Venturino, Marco"]
[Result "1/2-1/2"]
[WhiteElo "2269"]
[BlackElo "2116"]
[PlyCount "88"]
[EventDate "2006.02.02"]

1.e4 c5 2.Nf3 Nc6 3.d4 cxd4 4.Nxd4 Nf6 5.Nc3 e5 6.Ndb5 d6 7.Bg5 a6 8.Na3 
b5 9.Bxf6 gxf6 10.Nd5 f5 11.c3 Bg7 12.exf5 Bxf5 13.Nc2 O-O 14.Nce3 Be6 15.
Bd3 f5 16.Qh5 Bxd5 17.Nxd5 Qe8 18.Qxe8 Raxe8 19.a4 e4 20.Be2 Re5 21.axb5 
axb5 22.Bxb5 Ne7 23.O-O-O Ra8 24.Bc4 Ra1+ 25.Kc2 Rxd1 26.Rxd1 Nxd5 27.
Bxd5+ Kf8 28.Bc6 Ke7 29.Ra1 Rc5 30.Ra7+ Kf6 31.Be8 Re5 32.Bh5 Re7 33.Ra6 
Kg5 34.Be2 Be5 35.g3 f4 36.h4+ Kf6 37.gxf4 Bxf4 38.b4 Rb7 39.b5 Ke7 40.Ra4
d5 41.Ra6 Bd6 42.Kb3 Bc5 43.Rh6 Ke8 44.Rf6 Ke7 1/2-1/2

[Event "C.to Provinciale AT"]
[Site "Asti ITA"]
[Date "2006.02.04"]
[Round "4"]
[White "Ronzano, Luca"]
[Black "Marello, Giampiero"]
[Result "0-1"]
[WhiteElo "1901"]
[BlackElo "1700"]
[PlyCount "48"]
[EventDate "2006.02.02"]

1.e4 c5 2.b4 cxb4 3.d4 g6 4.a3 bxa3 5.c3 Bg7 6.Bc4 Nh6 7.Bf4 d6 8.Nf3 Be6 
9.Bxe6 fxe6 10.Ng5 Qd7 11.d5 exd5 12.exd5 O-O 13.Ne6 Rf6 14.Qe2 Na6 15.
Rxa3 Nc5 16.Nxg7 Rxf4 17.Nd2 Kxg7 18.c4 a6 19.g4 Raf8 20.f3 Nf7 21.h4 Ne5 
22.g5 Qf5 23.Re3 Rf7 24.Rf1 Ned3+ 0-1

[Event "C.to Provinciale AT"]
[Site "Asti ITA"]
[Date "2006.02.04"]
[Round "4"]
[White "Roversi, Stefano"]
[Black "Muscato, Alessandro"]
[Result "0-1"]
[WhiteElo "1885"]
[BlackElo "1993"]
[PlyCount "80"]
[EventDate "2006.02.02"]

1.e4 a6 2.d4 b5 3.Nf3 Bb7 4.Bd3 e6 5.O-O c5 6.c3 Nc6 7.Qe2 cxd4 8.cxd4 Nb4
9.Rd1 Nxd3 10.Rxd3 Rc8 11.Be3 Bxe4 12.Rc3 Nf6 13.Nbd2 Rxc3 14.bxc3 d5 15.
a4 Qa5 16.Nb3 Qxc3 17.Nfd2 Bd3 18.Qf3 Bc4 19.Rc1 Qb4 20.axb5 axb5 21.Ra1 
Be7 22.Ra8+ Bd8 23.Na5 O-O 24.Nc6 Qd6 25.Ra6 Bc7 26.g3 Rc8 27.Bf4 Qd7 28.
Bxc7 Qxc7 29.Qa3 b4 30.Nxb4 Bxa6 31.Qxa6 h5 32.Nb3 Qc3 33.Nc5 Rb8 34.Nc6 
Rb1+ 35.Kg2 Qe1 36.Ne7+ Kh8 37.Qc8+ Kh7 38.Qf8 Qf1+ 39.Kf3 Rb2 40.Nd3 
Qxd3+ 0-1

[Event "C.to Provinciale AT"]
[Site "Asti ITA"]
[Date "2006.02.05"]
[Round "5"]
[White "Finocchiaro, Gianluca"]
[Black "Quirico, Paolo"]
[Result "1/2-1/2"]
[WhiteElo "1854"]
[BlackElo "1987"]
[PlyCount "67"]
[EventDate "2006.02.02"]

1.e4 d5 2.exd5 Nf6 3.d4 Bg4 4.Nf3 Qxd5 5.Be2 Nc6 6.O-O O-O-O 7.Be3 e6 8.c4
Qf5 9.Qb3 Nb4 10.Nc3 Be7 11.c5 Nfd5 12.Nxd5 Nxd5 13.c6 Nb6 14.cxb7+ Kxb7 
15.a4 Qd5 16.Qd3 a5 17.Qa6+ Kb8 18.Rfc1 Qa8 19.Qb5 Rd5 20.Qb3 Bd6 21.Rc5 
Qb7 22.Rb5 Rxb5 23.Qxb5 Qd5 24.Bd2 Qxb5 25.axb5 Bb4 26.Bc3 Nd5 27.Bxb4 
axb4 28.h3 Bxf3 29.Bxf3 Kb7 30.Ra4 Kb6 31.Bxd5 exd5 32.Rxb4 Rc8 33.Kf1 Ra8
34.Ke2 1/2-1/2

[Event "C.to Provinciale AT"]
[Site "Asti ITA"]
[Date "2006.02.05"]
[Round "5"]
[White "Gamba, Ezio"]
[Black "De Francisci, Luigi"]
[Result "1-0"]
[WhiteElo "1838"]
[BlackElo "1798"]
[PlyCount "62"]
[EventDate "2006.02.02"]

1.e4 a6 2.d4 b5 3.Bf4 Bb7 4.Nd2 e6 5.Ngf3 Nf6 6.Bd3 d6 7.O-O Nbd7 8.Re1 
Be7 9.c3 h6 10.Nf1 g5 11.Bc1 c5 12.Ng3 g4 13.Nd2 h5 14.b3 Qb6 15.Bb2 O-O-O
16.a4 Rdg8 17.axb5 axb5 18.Qe2 h4 19.Ngf1 g3 20.fxg3 Bc6 21.Ra2 Ne5 22.
dxe5 c4+ 23.Qe3 Qxe3+ 24.Nxe3 dxe5 25.bxc4 Bc5 26.cxb5 Ng4 27.Nf1 hxg3 28.
h3 Nf2 29.bxc6 Nxd3 30.Rd1 Nf4 31.Bc1 Nxh3+ 1-0

[Event "C.to Provinciale AT"]
[Site "Asti ITA"]
[Date "2006.02.05"]
[Round "5"]
[White "Giudici, Alberto"]
[Black "Ronzano, Luca"]
[Result "1-0"]
[WhiteElo "1870"]
[BlackElo "1901"]
[PlyCount "61"]
[EventDate "2006.02.02"]

1.d4 Nf6 2.Nf3 b5 3.Bf4 Bb7 4.e3 a6 5.Bd3 e6 6.a4 b4 7.c4 c5 8.Nbd2 d6 9.
h3 Be7 10.dxc5 e5 11.Bg5 e4 12.Bxf6 exf3 13.Be4 fxg2 14.Rg1 Bxe4 15.Nxe4 
Bxf6 16.Nxd6+ Kf8 17.Qd5 Ra7 18.Rd1 Rc7 19.Qxg2 Rd7 20.Ke2 g6 21.Rd2 Kg7 
22.Rgd1 Be7 23.Nf5+ Kf8 24.Rxd7 Nxd7 25.c6 gxf5 26.Rxd7 Qc8 27.Qd5 Rg8 28.
c7 a5 29.Rd8+ Kg7 30.Rxc8 Rxc8 31.Qd7 1-0

[Event "C.to Provinciale AT"]
[Site "Asti ITA"]
[Date "2006.02.05"]
[Round "5"]
[White "Gussone, Claudio"]
[Black "Cova, Alessandro"]
[Result "1/2-1/2"]
[WhiteElo "1947"]
[BlackElo "1963"]
[PlyCount "104"]
[EventDate "2006.02.02"]

1.Nf3 d5 2.g3 c5 3.d4 Nc6 4.Bg2 Nf6 5.O-O Bg4 6.h3 Bxf3 7.Bxf3 Nxd4 8.Bg2 
e6 9.Be3 Nc6 10.c3 Bd6 11.Qd2 O-O 12.Na3 a6 13.Rad1 Qc7 14.Bg5 Be7 15.Bf4 
Ne5 16.Nc2 Bd6 17.Bg5 Ned7 18.e4 h6 19.Be3 Nb6 20.exd5 Nbxd5 21.Bxh6 gxh6 
22.c4 Nb6 23.Qxh6 Ne8 24.Rfe1 Be5 25.Be4 f6 26.f4 Bd4+ 27.Nxd4 cxd4 28.
Rxd4 Rb8 29.Red1 Qg7 30.Qh5 f5 31.Bb1 Nf6 32.Qf3 Qc7 33.g4 Rbd8 34.Rxd8 
Rxd8 35.Rxd8+ Qxd8 36.gxf5 Qd4+ 37.Qf2 Qxf2+ 38.Kxf2 Nxc4 39.fxe6 Nxb2 40.
Bg6 Kf8 41.Ke3 Ke7 42.f5 Ng8 43.Kd4 b6 44.Kd5 Nf6+ 45.Kc6 Nc4 46.h4 Ng8 
47.Kb7 a5 48.Ka6 Nh6 49.Kb5 Nd6+ 50.Kxb6 a4 51.Ka5 a3 52.Kb4 Ndxf5 1/2-1/2

[Event "C.to Provinciale AT"]
[Site "Asti ITA"]
[Date "2006.02.05"]
[Round "5"]
[White "Malano, Francesco"]
[Black "Raviola, Giuseppe"]
[Result "0-1"]
[WhiteElo "2041"]
[BlackElo "2101"]
[PlyCount "69"]
[EventDate "2006.02.02"]

1.Nf3 d5 2.d4 e6 3.c4 Nf6 4.g3 Be7 5.Bg2 O-O 6.O-O Nbd7 7.cxd5 exd5 8.Nc3 
c6 9.Qc2 Bd6 10.Bf4 Bxf4 11.gxf4 Re8 12.e3 Nf8 13.b4 g6 14.a4 Bf5 15.Qd2 
Ne4 16.Nxe4 Bxe4 17.Ne5 Bxg2 18.Kxg2 Ne6 19.a5 a6 20.Rg1 Qh4 21.Kh1 f6 22.
Nf3 Qh5 23.Rg3 Ng7 24.Rag1 Qf5 25.h4 Nh5 26.Rg4 Qe4 27.Qd1 Kf7 28.Kh2 Rab8
29.Nd2 Qd3 30.Nf3 Qxd1 31.Rxd1 b6 32.Rgg1 bxa5 33.bxa5 Rb2 34.Kg2 Rxe3 35.
Rd2 0-1

[Event "C.to Provinciale AT"]
[Site "Asti ITA"]
[Date "2006.02.05"]
[Round "5"]
[White "Marello, Giampiero"]
[Black "Forno, Roberto"]
[Result "0-1"]
[WhiteElo "1700"]
[BlackElo "2005"]
[PlyCount "66"]
[EventDate "2006.02.02"]

1.e4 e5 2.Nf3 d6 3.d4 Nd7 4.Bc4 Be7 5.Nc3 Ngf6 6.O-O O-O 7.dxe5 dxe5 8.Qe2
c6 9.Rd1 Qc7 10.a3 Nc5 11.b4 Ne6 12.Bxe6 Bxe6 13.Bb2 Nd7 14.h3 Nb6 15.Nb1 
Nc4 16.Bc3 f6 17.Nbd2 b5 18.Nxc4 Bxc4 19.Qe3 Rad8 20.Rd2 c5 21.Nh4 Be6 22.
g4 Rxd2 23.Bxd2 Rd8 24.Nf3 Rd7 25.Ne1 Qd8 26.Nf3 c4 27.Qc3 h5 28.gxh5 Qe8 
29.Kf1 Bxh3+ 30.Ke2 Qxh5 31.Rg1 Bg4 32.Rg3 Rd4 33.Qe3 Qg6 0-1

[Event "C.to Provinciale AT"]
[Site "Asti ITA"]
[Date "2006.02.05"]
[Round "5"]
[White "Martin, Tiziano"]
[Black "Giretti Kanev, Jasen"]
[Result "0-1"]
[WhiteElo "1978"]
[BlackElo "2221"]
[PlyCount "42"]
[EventDate "2006.02.02"]

1.d4 Nf6 2.Nf3 e6 3.Bf4 b6 4.e3 Bb7 5.Be2 Be7 6.O-O Nh5 7.Bg3 Nxg3 8.hxg3 
O-O 9.Nbd2 f5 10.Bd3 c5 11.Qe2 Rf6 12.e4 c4 13.Bxc4 fxe4 14.Nh2 Rg6 15.f3 
d5 16.Bb3 Ba6 17.Qf2 Nc6 18.c3 exf3 19.Nhxf3 Bxf1 20.Rxf1 Bd6 21.Ne5 Nxe5 
0-1

[Event "C.to Provinciale AT"]
[Site "Asti ITA"]
[Date "2006.02.05"]
[Round "5"]
[White "Molina, Fabrizio"]
[Black "Rivello, Roberto"]
[Result "1/2-1/2"]
[WhiteElo "2264"]
[BlackElo "2269"]
[PlyCount "47"]
[EventDate "2006.02.02"]

1.c4 e5 2.g3 d6 3.Bg2 g6 4.Nc3 Bg7 5.d3 c6 6.Rb1 Ne7 7.Nf3 O-O 8.O-O h6 9.
Qc2 Be6 10.b4 d5 11.Na4 b6 12.cxd5 cxd5 13.b5 Nd7 14.Ba3 Rc8 15.Qd2 Nc5 
16.Qb4 Nxa4 17.Qxa4 Qd7 18.Ne1 Rc7 19.Nc2 a6 20.Ne3 Bf6 21.f4 Rfc8 22.fxe5
Bxe5 23.Bxe7 Qxe7 24.d4 1/2-1/2

[Event "C.to Provinciale AT"]
[Site "Asti ITA"]
[Date "2006.02.05"]
[Round "5"]
[White "Muscato, Alessandro"]
[Black "Piantadosi, Angelo"]
[Result "1-0"]
[WhiteElo "1993"]
[BlackElo "1709"]
[PlyCount "59"]
[EventDate "2006.02.02"]

1.e4 e5 2.d4 exd4 3.Bc4 Bb4+ 4.c3 dxc3 5.Bxf7+ Kxf7 6.Qb3+ d5 7.Qxb4 cxb2 
8.Bxb2 dxe4 9.Nc3 Qe7 10.Qc4+ Be6 11.Qxe4 Nf6 12.Qe2 Re8 13.O-O-O Qc5 14.
Qc2 Qg5+ 15.Qd2 Qxg2 16.Nge2 Qc6 17.Rhg1 Na6 18.Nd4 Qc5 19.Rg5 Qc4 20.Rdg1
g6 21.Qf4 Rad8 22.Nxe6 Qxe6 23.Nb5 Qc6+ 24.Kb1 Re2 25.Rc1 Rd1 26.Rc5 Qxc5 
27.Qxf6+ Ke8 28.Qh8+ Kd7 29.Rxd1+ Kc6 30.Nd4+ 1-0

[Event "C.to Provinciale AT"]
[Site "Asti ITA"]
[Date "2006.02.05"]
[Round "5"]
[White "Roversi, Stefano"]
[Black "Beccaris, Gabriele"]
[Result "0-1"]
[WhiteElo "1885"]
[BlackElo "2046"]
[PlyCount "120"]
[EventDate "2006.02.02"]

1.e4 c5 2.Nf3 a6 3.d4 cxd4 4.Nxd4 Nf6 5.Nc3 e5 6.Nb3 Bb4 7.Bd2 Bxc3 8.Bxc3
d6 9.Bd3 O-O 10.O-O Nc6 11.f4 b5 12.f5 d5 13.exd5 Qxd5 14.Be2 Qe4 15.Qd3 
Qxd3 16.Bxd3 e4 17.Be2 Nd5 18.Bd2 Ncb4 19.c4 bxc4 20.Bxc4 e3 21.Be1 a5 22.
a3 Nb6 23.Bb5 Nc2 24.Rc1 Nxe1 25.Rcxe1 Ba6 26.Bxa6 Rxa6 27.Nc5 Ra7 28.Rxe3
Nc4 29.Re2 Rb8 30.Rd1 h6 31.Rd7 Rxd7 32.Nxd7 Rd8 33.Nc5 Rd5 34.Re8+ Kh7 
35.Ne4 Rxf5 36.Ng3 Rb5 37.Re7 Kg6 38.b4 axb4 39.axb4 Rxb4 40.h4 Nd2 41.h5+
Kf6 42.Rd7 Ne4 43.Rd3 Nxg3 44.Rxg3 Rh4 45.Rf3+ Ke6 46.Re3+ Kf5 47.Rf3+ Rf4
48.Rg3 Rg4 49.Rf3+ Ke6 50.Re3+ Kf6 51.Rf3+ Ke7 52.Re3+ Kf8 53.Re5 Rg5 54.
Rxg5 hxg5 55.Kf2 Ke7 56.Kg3 f5 57.Kf3 Kf6 58.g4 Ke5 59.gxf5 Kxf5 60.Kg3 g4
0-1